000 00365nam a2200133Ia 4500
008 240624s9999 xx 000 0 und d
041 _aeng
082 _a658.4092 HBS
100 _aHARVARD BUSINESS SCHOOL PRESS
245 _aGETTING PEOPLE ON BOARD
260 _c2005
_aBoston
_bHarvard Business School Press
300 _aix, : 147 : p. ; 21cm.
365 _cRS
_b30
999 _c14242
_d14242